History Quiz

Random History or Century Quiz

20th Century US States Quiz Stats

 Plays Quiz Updated Sep 14, 2017

Challenge
Share
Tweet
Score 0/5 Timer 01:00
4 Plays Today
% Correct
Alaska
93.9%
Hawaii
92.3%
Arizona
66.9%
New Mexico
62.7%
Oklahoma
41%

You're not logged in!

Compare scores with friends on all Sporcle quizzes.
Join for Free
OR
Log In

You Might Also Like...

Show Comments

Extras

Top Quizzes Today


Score Distribution

Your Account Isn't Verified!

In order to create a playlist on Sporcle, you need to verify the email address you used during registration. Go to your Sporcle Settings to finish the process.

Report this User

Report this user for behavior that violates our Community Guidelines.

Details: